Estudios de lenguaje infantil /

Guardado en:
Autor Principal: Gili Gaya, Samuel
Formato: Libro
Publicado: Barcelona : Biblograf, 1972
Series:Vox
Materias:
Etiquetas: Agregar Etiqueta
Sin Etiquetas, Sea el primero en etiquetar este registro!
LEADER 01003nam a22002295a 4500
001 CEM.cems012419
005 20070328172827.0
008 130507s1972##################000#0#####d
003 CEMS
082 0 4 |a 372.6 
100 1 |a Gili Gaya, Samuel 
245 1 0 |a Estudios de lenguaje infantil /  |c Samuel Gili Gaya 
260 |a Barcelona :  |b Biblograf,  |c 1972 
300 |a 176 p. 
490 0 |a Vox 
500 |a Libro conmemorativo del año internacional del libro 
504 |a Referencias bibliográficas p. 173-174 
505 0 |a Imitación y creación en el habla infantil -- Funciones gramaticales en el habla infantil -- La expresión infantil del tiempo -- Nexos de la oración compuesta en el lenguaje activo de los niños -- Visión general de la metodología del lenguaje -- La enseñanza de la gramática -- Crisis de la enseñanza gramatical 
653 |a Lenguaje infantil 
653 |a Habla infantil 
653 |a Lenguaje-metodología 
859 |a CEMS  |b BIB. CEMS - 11 de abril  |h 372.6  |i G396  |p 23522.06  |t Ej.1